Movies Quiz

Random Movies Quiz

The Academy Awards: Volume 4 Quiz Stats

 Plays Quiz not verified by Sporcle

Challenge
Share
Tweet
Embed
Score 0/200 Timer 20:00
0 Plays Today
% Correct
MARLON BRANDO, ON THE WATERFRONT
98.8%
Marlon Brando, Sayonara
98.8%
Marlon Brando, Julius Caesar
98.8%
Audrey Hepburn, Sabrina
97.8%
Audrey Hepburn, The Nun's Story
97.8%
AUDREY HEPBURN, ROMAN HOLIDAY
97.8%
Katharine Hepburn, The Rainmaker
97.7%
Katharine Hepburn, Suddenly, Last Summer
97.7%
FRANK SINATRA, FROM HERE TO ETERNITY
97.6%
Frank Sinatra, The Man with the Golden Arm
97.6%
Katharine Hepburn, Summertime
97.6%
JACK LEMMON, MISTER ROBERTS
97.6%
Jack Lemmon, Some Like It Hot
97.6%
Jack Lemmon, The Apartment
97.6%
ON THE WATERFRONT
96.6%
BURT LANCASTER, ELMER GANTRY
96.5%
Burt Lancaster, From Here to Eternity
96.5%
FROM HERE TO ETERNITY
96.4%
Elizabeth Taylor, Cat on a Hot Tin Roof
96.2%
Elizabeth Taylor, Suddenly, Last Summer
96.2%
ELIZABETH TAYLOR, BUTTERFIELD 8
96.2%
Shirley MacLaine, Some Came Running
95.8%
Shirley MacLaine, The Apartment
95.8%
Grace Kelly, Mogambo
95.7%
GRACE KELLY, THE COUNTRY GIRL
95.7%
CHARLTON HESTON, BEN-HUR
95.7%
Nancy Kelly, The Bad Seed
95.7%
Deborah Kerr, The King and I
95.7%
Deborah Kerr, Heaven Knows, Mr. Allison
95.7%
Deborah Kerr, Separate Tables
95.7%
Deborah Kerr, The Sundowners
95.7%
Deborah Kerr, From Here to Eternity
95.7%
James Dean, East of Eden
95.5%
James Dean, Giant
95.4%
Montgomery Clift, From Here to Eternity
95.2%
ERNEST BORGNINE, MARTY
95.1%
ALEC GUINNESS, THE BRIDGE ON THE RIVER KWAI
95.1%
Paul Newman, Cat on a Hot Tin Roof
95%
YUL BRYNNER, THE KING AND I
94.9%
THE APARTMENT
94.8%
Elizabeth Taylor, Raintree County
94.7%
James Stewart, Anatomy of a Murder
94.6%
MARTY
94.2%
BEN-HUR
94.1%
WILLIAM HOLDEN, STALAG 17
94%
THE BRIDGE ON THE RIVER KWAI
93.6%
Roman Holiday
93.4%
Karl Malden, On the Waterfront
93.3%
The King and I
93.2%
Natalie Wood, Rebel Without a Cause
93%
EVA MARIE SAINT, ON THE WATERFRONT
93%
Julius Caesar
92.8%
Giant
92.7%
Elmer Gantry
92.7%
Sayonara
92.6%
Richard Burton, The Robe
92.5%
Tony Curtis, The Defiant Ones
92.2%
The Country Girl
92.1%
DAVID NIVEN, SEPARATE TABLES
92%
Rod Steiger, On the Waterfront
91.9%
Cat on a Hot Tin Roof
91.8%
Sidney Poitier, The Defiant Ones
91.5%
Humphrey Bogart, The Caine Mutiny
91.4%
Rock Hudson, Giant
91.4%
Kirk Douglas, Lust for Life
91.3%
SHIRLEY JONES, ELMER GANTRY
91.3%
Jennifer Jones, Love Is a Many-Splendored Thing
91.3%
% Correct
Carolyn Jones, The Bachelor Party
91.2%
Mister Roberts
91.2%
Anatomy of a Murder
91%
GIGI
90.5%
Separate Tables
90.5%
The Robe
90.4%
The Defiant Ones
90.1%
Laurence Olivier, Richard III
89.6%
Laurence Olivier, The Entertainer
89.6%
DONNA REED, FROM HERE TO ETERNITY
88.5%
Judy Garland, A Star Is Born
88.5%
The Caine Mutiny
88.3%
Bing Crosby, The Country Girl
88.2%
Spencer Tracy, Bad Day at Black Rock
87.7%
Spencer Tracy, The Old Man and the Sea
87.7%
Spencer Tracy, Inherit the Wind
87.7%
SHELLEY WINTERS, THE DIARY OF ANNE FRANK
87.3%
BURL IVES, THE BIG COUNTRY
87.2%
AROUND THE WORLD IN EIGHTY DAYS
87.1%
Doris Day, Pillow Talk
87%
ANTHONY QUINN, LUST FOR LIFE
86.8%
Anthony Quinn, Wild Is the Wind
86.8%
PETER USTINOV, SPARTACUS
86.7%
The Nun's Story
86.3%
MIYOSHI UMEKI, SAYONARA
86%
Lee J. Cobb, On the Waterfront
85.9%
Lee J. Cobb, The Brothers Karamazov
85.9%
RED BUTTONS, SAYONARA
85.7%
Janet Leigh, Psycho
85.6%
The Sundowners
85.5%
Thelma Ritter, Pickup on South Street
85.4%
George C. Scott, Anatomy of a Murder
85.4%
Thelma Ritter, Pillow Talk
85.4%
Sal Mineo, Rebel Without a Cause
85.2%
Sal Mineo, Exodus
85.2%
James Mason, A Star Is Born
85%
Ava Gardner, Mogambo
85%
Room at the Top
84.9%
JOANNE WOODWARD, THE THREE FACES OF EVE
84.8%
SIMONE SIGNORET, ROOM AT THE TOP
84.5%
Susan Hayward, I'll Cry Tomorrow
84%
SUSAN HAYWARD, I WANT TO LIVE!
84%
INGRID BERGMAN, ANASTASIA
83.7%
HUGH GRIFFITH, BEN-HUR
83.4%
Love Is a Many-Splendored Thing
83.2%
Lana Turner, Peyton Place
83.1%
The Diary of Anne Frank
83.1%
Anthony Perkins, Friendly Persuasion
83%
Leslie Caron, Lili
83%
James Cagney, Love Me or Leave Me
82.9%
WENDY HILLER, SEPARATE TABLES
82.4%
ANNA MAGNANI, THE ROSE TATTOO
82.2%
Anna Magnani, Wild Is the Wind
82.1%
Peyton Place
81.7%
Charles Laughton, Witness for the Prosecution
81.5%
Eddie Albert, Roman Holiday
81.3%
Shane
81.2%
Laurence Harvey, Room at the Top
80.6%
Greer Garson, Sunrise at Campobello
80.6%
Arthur Kennedy, Trial
80.4%
Arthur Kennedy, Peyton Place
80.4%
Arthur Kennedy, Some Came Running
80.4%
Witness for the Prosecution
80.1%
Jack Palance, Shane
79.9%
Rosalind Russell, Auntie Mame
79.8%
The Rose Tattoo
79.7%
EDMOND O'BRIEN, THE BAREFOOT CONTESSA
78.8%
% Correct
Betsy Blair, Marty
78.2%
JO VAN FLEET, EAST OF EDEN
78.1%
Sessue Hayakawa, The Bridge on the River Kwai
77.1%
Geraldine Page, Hondo
76.8%
DOROTHY MALONE, WRITTEN ON THE WIND
76.7%
Sons and Lovers
76.6%
12 Angry Men
76.2%
Auntie Mame
76.2%
Juanita Moore, Imitation of Life
76.1%
Friendly Persuasion
76%
The Alamo
75.9%
Jane Wyman, Magnificent Obsession
75.7%
Mercedes McCambridge, Giant
75.6%
Glynis Johns, The Sundowners
75.5%
Cara Williams, The Defiant Ones
75.4%
Trevor Howard, Sons and Lovers
75.3%
The Ten Commandments
75.2%
Elsa Lanchester, Witness for the Prosecution
75.2%
Eleanor Parker, Interrupted Melody
74.6%
Seven Brides for Seven Brothers
74.3%
Russ Tamblyn, Peyton Place
74.3%
Dorothy Dandridge, Carmen Jones
74.2%
Paul Muni, The Last Angry Man
74.2%
Brandon De Wilde, Shane
73.8%
Jack Kruschen, The Apartment
73.8%
Chill Wills, The Alamo
73.5%
Picnic
73.2%
Gig Young, Teacher's Pet
73%
Robert Strauss, Stalag 17
72.7%
Three Coins in the Fountain
72.1%
Patty McCormack, The Bad Seed
71.8%
Joe Mantell, Marty
71.5%
Diane Varsi, Peyton Place
71.1%
Hope Lange, Peyton Place
71%
Peter Falk, Murder, Inc.
71%
Claire Trevor, The High and the Mighty
70.9%
Carroll Baker, Baby Doll
70.8%
Arthur O'Connell, Picnic
70.6%
Arthur O'Connell, Anatomy of a Murder
70.6%
Ed Wynn, The Diary of Anne Frank
70.6%
Robert Stack, Written on the Wind
69.9%
Tom Tully, The Caine Mutiny
69.7%
Eileen Heckart, The Bad Seed
69.2%
Anthony Franciosa, A Hatful of Rain
69.1%
Maggie McNamara, The Moon Is Blue
69.1%
Marisa Pavan, The Rose Tattoo
69%
Peggy Cass, Auntie Mame
69%
Mary Ure, Sons and Lovers
68.8%
Mickey Rooney, The Bold and the Brave
68.7%
Melina Mercouri, Never on Sunday
68.7%
Dan O'Herlihy, Robinson Crusoe
67.6%
Hermione Baddeley, Room at the Top
67.3%
Vittorio De Sica, A Farewell to Arms
67.1%
Nina Foch, Executive Suite
66%
Peggy Lee, Pete Kelly's Blues
65.9%
Theodore Bikel, The Defiant Ones
65.8%
Marjorie Rambeau, Torch Song
65.4%
Martha Hyer, Some Came Running
65.4%
Shirley Knight, The Dark at the Top at the Stairs
65.2%
Susan Kohner, Imitation of Life
64.7%
Jan Sterling, The High and the Mighty
64.3%
Katy Jurado, Broken Lance
64.2%
Mildred Dunnock, Baby Doll
63.8%
Robert Vaughn, The Young Philadelphians
62.3%
Don Murray, Bus Stop
61.8%
Maureen Stapleton, Lonelyhearts
61.5%

You're not logged in!

Compare scores with friends on all Sporcle quizzes.
OR
Log In

You Might Also Like...

Show Comments

Extras

Top Quizzes Today


Score Distribution

Your Account Isn't Verified!

In order to create a playlist on Sporcle, you need to verify the email address you used during registration. Go to your Sporcle Settings to finish the process.

Report this User

Report this user for behavior that violates our Community Guidelines.

Details: